[Event "Julian Borowski-A 3rd"]
[Site "Essen"]
[Date "2001.05.07"]
[Round "5"]
[White "Nijboer, Friso"]
[Black "Gurevich, Mikhail"]
[Result "1-0"]
[WhiteElo "2580"]
[BlackElo "2688"]
[Annotator "Finkel,A"]
[PlyCount "63"]
[EventDate "2001.05.02"]
[EventType "tourn"]
[EventRounds "9"]
[EventCountry "GER"]
[EventCategory "15"]
[SourceTitle "CBM 083"]
[Source "ChessBase"]
[SourceDate "2001.07.05"]
[SourceVersion "1"]
[SourceVersionDate "2001.07.05"]
[SourceQuality "1"]

1. e4 e6 2. d4 d5 3. Nc3 Nf6 4. e5 Nfd7 5. f4 c5 6. Nf3 Nc6 7. Be3 cxd4 8. Nxd4
Bc5 9. Qd2 O-O 10. O-O-O a6 11. h4 Nxd4 12. Bxd4 b5 13. Rh3 {In this position
were played hundreds of games,but so far white didn't manage to show clear way
to equality and black's results in this variation are quiet satisfactory. '><
c3'} (13. h5 b4 14. Ne2 a5 15. Bxc5 Nxc5 16. Qe3 Qb6 $132 {Smirin,A-Lputian,S/
Rostov/1993/}) 13... b4 (13... Qb6 14. h5 Ra7 15. Rg3 Bxd4 16. Qxd4 Qxd4 17.
Rxd4 Nb8 18. Rd2 Nc6 19. Ne2 b4 20. Nd4 Bd7 $10 {Tischbierek,R-Zysk,R/BL9293/})
(13... Bb7 $5 14. h5 b4 15. Na4 Bxd4 16. Qxd4 Qa5 17. b3 Bc6 18. Nb2 Rfc8 $1
$10 {Tischbierek,R-Knaak,R/BL9293/}) 14. Na4 Bxd4 15. Qxd4 a5 (15... f6 $6 $146
16. Qxb4 $1 fxe5 17. Qd6 $1 Qf6 18. f5 $3 Qh6+ 19. Kb1 Rxf5 20. Rf3 $1 Rxf3 21.
gxf3 $16 {Kasparov,G-Short,N/Amsterdam VSB 1994}) (15... Qa5 16. b3 Bb7 17. c3
$1 Rfc8 18. Kb2 bxc3+ 19. Rxc3 Rxc3 20. Qxc3 $14 {Nijboer,F-Luther,T/
Leuwaarden/1992/}) 16. Bb5 {'!?' Finkel,A.} (16. c4 $5 bxc3 17. Rxc3 Qxh4 18.
g3 Qd8 19. Kb1 Ba6 20. Bxa6 Rxa6 21. Rh1 $13 {Nijboer,F-Korchnoi,V/Sonsbeek
SNS 1999}) (16. b3 $6 Ba6 17. Kb1 Bxf1 18. Rxf1 Qc7 19. h5 Ra6 20. Re3 Rc6 21.
Rf2 f6 22. Ree2 h6 $15 {Kulish,I-Matveeva,S/Rostov on Don-W 1995}) 16... Rb8 (
16... Qc7 17. Kb1 Rb8 18. c4 Nb6 19. c5 Nxa4 20. Bxa4 Ba6 21. Rc1 Rfc8 $132 {
De la Riva,O-Comas Fabrego,L/Barcelona op 1996}) 17. Bd3 (17. Be2 Bb7 18. Kb1
Bc6 19. Nc5 Bb5 20. Bd3 Nxc5 21. Qxc5 Qd7 22. Qf2 $13 {De la Riva Aguado,
O-Glek,I/Open 1999}) 17... Nb6 {I think that the best way for black to play in
the following position is 17...Bb7, but playing this move would mean to accept
the idea that a draw would be the most probable result, which definitely
wouldn't satisfy Gurevich.You already know what happen next!} (17... Qc7 18.
Re1 (18. h5 Bb7 (18... Qc6 19. b3 Ba6 20. f5 Rbc8 21. Rd2 $14 {Berndt,S-Furlan,
M/Bled op 21st 2000}) 19. g4 Rfc8 20. Rh2 Qc6 21. b3 Ba6 22. Bxa6 Qxa6 23. f5
Qc6 24. Qf4 Qc7 $13 {Fogarasi,T-Luther,T/Kecskemet 1993}) 18... Qc6 19. b3 Ba6
20. Bxa6 Qxa6 21. Rg3 (21. h5 Rfc8 22. f5 Qc6 23. Re2 Nc5 24. f6 Ne4 25. fxg7
h6 $15 {Sedlak,N-Antic,D/55th ch-YUG 2000}) 21... Rbc8 22. f5 Qc6 23. Re2 Kh8
24. h5 Rg8 25. Rf3 $14 {Arakhamia,K-Matveeva,S/Kishinev izt-W 1995}) (17... Bb7
18. f5 {'!' Finkel,A.} (18. Rg3 Bc6 19. Nc5 Nxc5 20. Qxc5 Qc7 21. Qd4 Bb5 $11 {
Tirard,H-Zontakh,A/16th open 2000}) 18... Bc6 $5 {Probably this move is an
improvment comparing to 18...Qc7,which was tried without success by Kortchnoi:}
(18... Qc7 19. Re1 exf5 20. Bxf5 Bc6 21. Nc5 Nxc5 22. Qxc5 $14 {Fedorov,
A-Kortschnoj,V/EU-chT 1999 (24)}) 19. Nc5 ({Worth an attention} 19. Rg3 $5 exf5
20. e6 Qf6 21. Bxf5 $5 Qxd4 22. Rxd4 fxe6 23. Bxe6+ Kh8 24. Bxd7 Bxd7 25. Nc5
Bc6 $13) 19... Nxc5 20. Qxc5 Qb6 21. Qxb6 Rxb6 22. Rf3 (22. f6 $5) 22... Rc8
$11 {1/2-1/2 Marjanovic,S-Antic,D/JUG-ch 55th 2000 (44)}) 18. Nc5 Nd7 19. Na4
Qc7 $5 (19... Nb6 $11) 20. Re1 Nb6 21. Qc5 Qb7 $2 {Black is so concerned with
the prospect of draw that he misses simple reply of white after which he may
resign!} (21... Qxc5 22. Nxc5 Bd7 (22... Nd7 $11) 23. Ba6 Rfd8 24. g4 $14) 22.
Bxh7+ $1 $18 Kxh7 23. Qxf8 {[%csl Rh7][%cal Gh3g3,Gh4h5]} Bd7 (23... Nxa4 24.
Rg3 g6 25. h5 Bd7 26. hxg6+ fxg6 27. Rh1#) 24. Nc5 $1 {[%cal Gc5b7] That's it!
Here black could have put the end for his own suffer,but he keeps on playing
hoping for the miracle...} Qc6 (24... Rxf8 25. Nxb7 Rb8 26. Nd6 $18) 25. Qd6
Qb5 (25... Qxd6 26. exd6 Bc6 27. c3 Rd8 28. cxb4 axb4 29. Rb3 $18) 26. Qxb8
Qxc5 27. b3 Bb5 28. h5 Qf2 29. h6 $1 {Finishing the game with the style.} Qxe1+
30. Kb2 gxh6 (30... Qf2 31. hxg7+ Kxg7 32. Qh8+ Kg6 33. Qh7#) 31. Qf8 Kg6 32.
g4 $1 1-0

[Event "RUS Fed Internet Cup Final 5'"]
[Site "chessassistantclub.com INT"]
[Date "2004.12.28"]
[Round "13"]
[White "Ovetchkin, Roman"]
[Black "Van Wely, Loek"]
[Result "1-0"]
[WhiteElo "2473"]
[BlackElo "2681"]
[PlyCount "73"]
[EventDate "2004.12.28"]
[EventType "tourn (blitz)"]
[EventRounds "19"]
[EventCountry "RUS"]
[EventCategory "15"]
[SourceTitle "CBM 104 Extra"]
[Source "ChessBase"]
[SourceDate "2005.03.01"]
[SourceVersion "1"]
[SourceVersionDate "2005.03.01"]
[SourceQuality "1"]

1. e4 e6 2. d4 d5 3. e5 c5 4. c3 Nc6 5. Nf3 Bd7 6. Be2 Nge7 7. Na3 cxd4 8. cxd4
Nf5 9. Nc2 Nb4 10. O-O Rc8 11. Nxb4 Bxb4 12. a3 Be7 13. Bd3 Qb6 14. Kh1 O-O 15.
g4 Nh4 16. Nxh4 Bxh4 17. f4 f6 18. g5 fxe5 19. Bxh7+ Kxh7 20. Qh5+ Kg8 21. g6
Rf5 22. Qh7+ Kf8 23. Qh8+ Ke7 24. Qxh4+ Kd6 25. fxe5+ Kc7 26. Rxf5 exf5 27. Bf4
Qe6 28. Rc1+ Kb6 29. Rxc8 Bxc8 30. Qd8+ Kc6 31. Qd6+ Qxd6 32. exd6 Kd7 33. Be5
Ke6 34. h4 f4 35. h5 Kf5 36. Bxf4 Kxf4 37. h6 1-0

[Event "FIDE GP"]
[Site "Moscow"]
[Date "2002.06.05"]
[Round "5.1"]
[White "Kasimdzhanov, Rustam"]
[Black "Akopian, Vladimir"]
[Result "1-0"]
[WhiteElo "2674"]
[BlackElo "2678"]
[Annotator "Kasimdzhanov,R"]
[PlyCount "121"]
[EventDate "2002.06.01"]
[EventType "k.o. (rapid)"]
[EventRounds "5"]
[EventCountry "RUS"]
[SourceTitle "CBM 090"]
[Source "ChessBase"]
[SourceDate "2002.09.20"]
[SourceVersion "1"]
[SourceVersionDate "2002.09.20"]
[SourceQuality "1"]

1. e4 {Huzman} e5 2. Nf3 Nf6 3. Nxe5 d6 4. Nf3 Nxe4 5. d4 d5 6. Bd3 Bd6 7. O-O
O-O 8. c4 c6 9. Qc2 Na6 10. a3 Re8 11. Nc3 Bg4 12. Nxe4 dxe4 13. Bxe4 Bxf3 14.
Bxf3 Qh4 15. g3 Qxd4 16. Be3 Qf6 17. Be4 g6 18. b4 Nc7 19. Rad1 a5 20. b5 {
All this has been played before, the first game being Nedev-Safin, Erevan 2001,
and I being Safin's teammate,of course had a look at it} Bxa3 (20... cxb5 $2 {
Huzman} 21. c5 Be5 22. c6 $1 b6 23. Bxb6 $16 {1-0 Nedev,T-Safin,S/Yerevan 2001/
CBM 86/[Huzman] (31)}) 21. bxc6 $1 $146 (21. Rd7 {was played by Bologan
against Khalifman in 2002, but it doesnt seem to give anything special.}) 21...
bxc6 22. Bd4 Qe6 $8 23. Ba1 $1 {now this is the point. Black has to defend
against fairly serios threats, and his pawn really doesn't feel so much Huzman:
'It is a logical and very strong move. White exploits the weakness of the
diagonal a1-g7 with full power.'} Be7 $2 (23... Bb4 {it is vital to cover e1}
24. Qb2 f6 25. Bg2 Rf8 26. Rd4 {and white has a lot of play for a pawn}) 24.
Rde1 $1 Bf6 (24... Qd7 25. Qb2 f6 26. Rd1 Qe6 27. Rfe1 Qxc4 28. Rc1 $16) 25.
Bxg6 Qh3 (25... Qxe1 26. Bxh7+ Kg7 27. Bxf6+ Kxf6 28. Rxe1 Rxe1+ 29. Kg2 $16)
26. Bxh7+ Qxh7 27. Qxh7+ Kxh7 28. Bxf6 Rxe1 29. Rxe1 Ne6 30. f4 Kg6 31. Bc3 a4
32. Re5 Kh7 33. Rh5+ Kg6 34. Re5 Kh7 35. Rf5 Ra7 36. g4 Ng7 37. Rg5 f5 38. Bxg7
$4 (38. gxf5 a3 (38... Rf7 39. f6 Ne6 40. Ra5 Nxf4 41. Kf2 $18) 39. f6 Ne6 40.
Re5 $18) 38... Rxg7 39. Rh5+ Kg8 40. Rxf5 Rxg4+ $2 (40... a3 {simply draws, of
course. For some strange reason I only looked at text and Ra7}) 41. Kf2 a3 42.
Kf3 Rg1 43. Ra5 Rc1 (43... Ra1 $142 {Huzman}) 44. Rxa3 Rxc4 45. Ra7 {Many
people present and Akopian himself thought this should be drawn, but we know
that with the king cut off on the eight's rank f and h win very easily, so I
just improve my positon never taking the pawn till it gets to c1, and then it
should really be to late for black to position both his rook and king well} Rd4
46. Rc7 c5 47. Kg4 c4 48. Kg5 Rd2 49. h4 Rg2+ 50. Kf5 Rc2 51. Kf6 c3 52. f5 Rh2
53. Rc8+ Kh7 54. Rxc3 Ra2 55. Rc7+ Kh6 56. Kf7 Ra5 57. f6 Ra8 58. Re7 Kh7 59.
h5 Kh6 60. Re8 Ra7+ 61. Kg8 1-0

[Event "Bundesliga 2019-20"]
[Site "Berlin GER"]
[Date "2021.10.15"]
[Round "12.5"]
[White "Svane, R.."]
[Black "McShane, L.."]
[Result "1-0"]
[WhiteElo "2594"]
[BlackElo "2675"]
[PlyCount "71"]
[EventDate "2019.11.23"]
[EventType "team"]
[SourceVersionDate "2018.05.14"]
[WhiteTeam "Hamburger SK"]
[BlackTeam "SV Werder Bremen"]

1. e4 e5 2. Nf3 Nc6 3. Bb5 Nf6 4. O-O Nxe4 5. Re1 Nd6 6. Nxe5 Be7 7. Bf1 Nxe5
8. Rxe5 O-O 9. d4 Bf6 10. Re2 b6 11. Re1 Re8 12. Bf4 Rxe1 13. Qxe1 Ne8 14. Nc3
Bb7 15. Qd2 d5 16. Re1 Nd6 17. Bd3 c5 18. dxc5 bxc5 19. Nxd5 Bxd5 20. Bxh7+
Kxh7 21. Qxd5 Be7 22. Re3 Bf8 23. Rh3+ Kg8 24. Qh5 f6 25. Qh8+ Kf7 26. Qh5+ Kg8
27. g4 Qe8 28. Qh7+ Kf7 29. Qh5+ Kg8 30. Qh7+ Kf7 31. Re3 Qc6 32. g5 fxg5 33.
Bxd6 Bxd6 34. Qf5+ Kg8 35. Qe6+ Kf8 36. Re5 1-0

[Event "Sochi Tseshkovsky Memorial op"]
[Site "Sochi"]
[Date "2014.09.24"]
[Round "8"]
[White "Dimitrijevic, Aleksandra"]
[Black "Landa, Konstantin"]
[Result "1-0"]
[WhiteElo "2281"]
[BlackElo "2670"]
[PlyCount "63"]
[EventDate "2014.09.17"]
[EventType "swiss"]
[EventRounds "9"]
[EventCountry "RUS"]
[SourceTitle "CBM 162 Extra"]
[Source "ChessBase"]
[SourceDate "2014.10.17"]
[SourceVersion "1"]
[SourceVersionDate "2014.10.17"]
[SourceQuality "1"]

1. d4 Nf6 2. Nc3 e6 3. Bf4 Bb4 4. e3 Nd5 5. Nge2 Nxf4 6. exf4 b6 7. d5 O-O 8.
a3 Bxc3+ 9. Nxc3 Qf6 10. Qf3 exd5 11. O-O-O c6 12. g4 Na6 13. h4 b5 14. g5 Qd6
15. Bd3 Nc5 16. Bxh7+ Kxh7 17. f5 Kg8 18. h5 Ne6 19. fxe6 fxe6 20. Qd3 Qf4+ 21.
Kb1 Qf5 22. Qg3 Qxf2 23. Qd6 Qf4 24. Qe7 Qf7 25. Qd6 b4 26. h6 bxc3 27. g6 Qf4
28. Qc5 Ba6 29. hxg7 Rfe8 30. Qxc3 d4 31. Rxd4 Qf6 32. Rxd7 1-0

[Event "EU-Cup 23rd"]
[Site "Kemer"]
[Date "2007.10.08"]
[Round "6.5"]
[White "Moiseenko, Alexander"]
[Black "Nisipeanu, Liviu Dieter"]
[Result "1-0"]
[WhiteElo "2646"]
[BlackElo "2668"]
[Annotator "Krasenkow,M"]
[PlyCount "103"]
[EventDate "2007.10.03"]
[EventType "team-swiss"]
[EventRounds "7"]
[EventCountry "TUR"]
[SourceTitle "CBM 121"]
[Source "ChessBase"]
[SourceDate "2007.11.14"]
[SourceVersion "1"]
[SourceVersionDate "2007.11.14"]
[SourceQuality "1"]
[WhiteTeam "Ashdod"]
[BlackTeam "Baden-Baden"]
[WhiteTeamCountry "ISR"]
[BlackTeamCountry "GER"]

1. d4 d5 2. c4 dxc4 3. Nf3 a6 4. e3 e6 5. Bxc4 c5 6. O-O Nf6 7. Bb3 b5 8. a4 b4
9. e4 Bb7 10. Nbd2 Be7 11. e5 Nfd7 12. Nc4 O-O 13. Nd6 {Other options were
examined by GM A.Huzman in CBM 105,107,110,111:} (13. Bf4) (13. Bc2) 13... Bxd6
14. exd6 c4 $146 (14... cxd4 15. Nxd4 $1 (15. Bc2 $6 e5 16. Re1 Qf6 17. Ng5 g6
18. Be4 Nc6 19. Qg4 Nc5 $6 (19... Qxd6 $17) 20. f4 h6 21. Bxc6 Bxc6 22. fxe5
Qf5 23. Qxf5 gxf5 24. Nh3 $44 {1-0 Gunina,V-Fakhretdinova,M/Satka 2005/CBM 107
ext (31)}) (15. Bg5 Bxf3 16. Qxf3 Qxg5 17. Qxa8 Nc5 18. Qf3 Nbd7 19. Rad1 Ne5
20. Qh3 Qf4 21. Rc1 Ne4 22. Bc2 d3 23. Bxd3 Ng5 24. Bxh7+ Nxh7 25. Rfe1 Nd7 26.
Qd3 Nhf6 27. h3 {1/2-1/2 Dreev,A-Ponomariov,R/Panormo 2001/CBM 084 ext}) 15...
Nc5 16. Be3 Qxd6 $140 17. Nf5 $1 Qxd1 18. Ne7+ Kh8 19. Bxd1 $44 {needs testing.
}) 15. Bxc4 Nb6 16. Bd3 Qxd6 17. a5 Nd5 ({After} 17... Bxf3 18. Qxf3 Nd5 19.
Be3 {[%cal Yf1c1] the weakness of the a6 pawn is quite annoying for Black.})
18. Ne5 Nc6 19. Re1 Nxd4 20. Bxh7+ Kxh7 21. Qxd4 $11 f6 $2 {[%mdl 8192] A
strange pawn sacrifice (or a blunder?).} (21... Kg8 $11) 22. Qe4+ Kg8 23. Nc4
Qc6 24. Qxe6+ Qxe6 25. Rxe6 $16 Rac8 26. b3 Nc3 (26... Rc6 $142 27. Rxc6 Bxc6
28. Bd2 {but Black has no compensation for the pawn anyway.}) 27. Rb6 $1 Ne2+ (
27... Rfd8 28. Be3 Rc7 29. Rxb4 Rcd7 30. h4 $18) 28. Kf1 Nd4 29. Nd6 $18 Be4
30. Nxc8 Rxc8 31. Be3 Bd3+ 32. Kg1 Nxb3 33. Ra4 Bb5 34. Rxb4 Nxa5 35. Rg4 Kf7
36. h4 Rc7 37. Rb8 Nc4 38. Ra8 a5 39. h5 a4 40. h6 gxh6 41. Bxh6 Ke6 42. f3 Rc6
43. Bf8 Ne5 44. Rb4 Rc1+ 45. Kh2 Bc6 46. Ra6 Kd5 47. Ra5+ Ke6 48. Rd4 Rc2 49.
Kg3 Nd7 50. Ba3 Ne5 51. Ra7 Rc3 52. Re7+ 1-0

[Event "EU-chT (Men) 19th"]
[Site "Warsaw"]
[Date "2013.11.09"]
[Round "2.3"]
[White "Kozul, Zdenko"]
[Black "Fedorchuk, Sergey A"]
[Result "1-0"]
[WhiteElo "2597"]
[BlackElo "2666"]
[PlyCount "186"]
[EventDate "2013.11.08"]
[EventType "team-swiss"]
[EventRounds "9"]
[EventCountry "POL"]
[SourceTitle "CBM 158"]
[Source "ChessBase"]
[SourceDate "2014.01.16"]
[SourceVersion "1"]
[SourceVersionDate "2014.01.16"]
[SourceQuality "1"]
[WhiteTeam "Croatia"]
[BlackTeam "Ukraine"]
[WhiteTeamCountry "CRO"]
[BlackTeamCountry "UKR"]

1. d4 Nf6 2. c4 e6 3. Nf3 b6 4. Bg5 Bb7 5. e3 h6 6. Bh4 Be7 7. Nc3 Ne4 8. Nxe4
Bxh4 9. Bd3 Be7 10. O-O O-O 11. Nc3 d5 12. cxd5 exd5 13. Ne5 Nd7 14. f4 c5 15.
Qf3 Nf6 16. Rad1 Qc8 17. g4 Bd6 18. Bf5 Qe8 19. g5 hxg5 20. fxg5 Bxe5 21. dxe5
Nh7 22. Bxh7+ Kxh7 23. Qf5+ g6 24. Qh3+ Kg8 25. Rxd5 Qe6 26. Qxe6 fxe6 27. Rd7
Rxf1+ 28. Kxf1 Bf3 29. Re7 Bd5 30. Ke1 Rf8 31. Rxa7 Rf3 32. e4 Bc4 33. Na4 Re3+
34. Kd2 Rxe4 35. Nxb6 Bf1 36. Nd7 Re2+ 37. Kc3 Re3+ 38. Kc2 Re2+ 39. Kb3 c4+
40. Kc3 Rxh2 41. Ra8+ Kg7 42. Nc5 Bh3 43. Ra7+ Kg8 44. Rb7 Re2 45. Nd7 Bg2 46.
Nf6+ Kf8 47. Rb5 Re1 48. Rc5 Bf1 49. Rc8+ Ke7 50. Re8+ Kf7 51. Rb8 Ke7 52. Re8+
Kf7 53. Rh8 Re3+ 54. Kb4 Re2 55. Rh7+ Kf8 56. b3 cxb3 57. axb3 Re3 58. Rc7 Bg2
59. Rc2 Bh1 60. Rc3 Re1 61. Kc4 Ke7 62. Kd4 Rd1+ 63. Rd3 Rg1 64. Rh3 Rd1+ 65.
Kc5 Rc1+ 66. Kb6 Bg2 67. Rh7+ Kd8 68. Rd7+ Kc8 69. Rd4 Rc6+ 70. Kb5 Rc7 71. Rd2
Bf1+ 72. Kb4 Rc1 73. Rh2 Bd3 74. Rh3 Rd1 75. Kc5 Be2 76. Rh7 Bf3 77. b4 Rg1 78.
Kb6 Kd8 79. Rd7+ Kc8 80. Rd6 Rb1 81. Rd4 Rc1 82. b5 Be2 83. Ne4 Rb1 84. Nd6+
Kd7 85. Rf4 Rg1 86. Rf7+ Kd8 87. Rg7 Bd3 88. Kc5 Rc1+ 89. Kd4 Rd1 90. Ke3 Bxb5
91. Nxb5 Rd5 92. Nd4 Rxe5+ 93. Kf4 Ra5 1-0